000 00592nam a2200217Ia 4500
003 OSt
005 20230427164956.0
008 210423s1999 xx 000 0 und d
020 _a521665485
040 _cAL
041 _aeng
082 _a616.075 CHEM
100 _aCHEESBROUGH (Monica).
_994446
245 _aDistrict Laboratory practice in trophical countries.
260 _aCambridge
_bCambridge University Press
_c1999
300 _bPB
365 _cINR
650 _aDiseases
_994447
906 _acountries. ; District ; Laboratory ; practice ; trophical
942 _2ddc
_cBK
999 _c162773
_d162773